000 00348nam a2200133Ia 4500
008 240624s9999 xx 000 0 und d
041 _aeng
082 _a823 JUN
100 _aJUNG C G
245 _aUNDISCOVERED SELF ANSWERS TO QUESTIONS R
260 _c2002
_araised by the present world crisis
_bSpringer
300 _a96 : p.
365 _cRS
_b30
999 _c26597
_d26597